• 首页
  • 本馆介绍
  • 公告通知
  • 最新文献
  • 馆藏检索
  • 电子资源
  • 读者导购
  • 参考咨询
  • 我的图书馆
  • 登录
  • 详细信息显示
  • 放入我的书架
  • 预约/预借图书
  • 作者相关作品
  • 分类相关作品
  • 丛书相关作品
  • 出版社相关作品

书目信息

  • 表格格式
  • 工作单格式
  • 卡片格式
题名:
中国政府高技术产业管理创新
    
 
作者: 李丹 著
分册:  
出版信息: 沈阳   东北大学出版社  2014.8
页数: 179页
开本: 23cm
丛书名: 东北大学公共管理博士文库
单 册:
中图分类: F279.244.4
科图分类:
主题词: 高技术产业--Gao Ji Shu Chan Ye--政府管制--创新管理--研究--中国 , 政府管制--Zheng Fu Guan Zhi , 创新管理--Chuang Xin Guan Li , 研究--Yan Jiu , 中国--Zhong Guo
电子资源:
ISBN: 978-7-5517-0752-7
000 01537nam0 22003371 450
001 350526
005 20161011165453.89
010    @a978-7-5517-0752-7@dCNY36.00
100    @a20150104d2014 em y0chiy50 ea
101 0  @achi
102    @aCN@b210000
105    @aak a 000yy
106    @ar
200 1  @a中国政府高技术产业管理创新@AZhong Guo Zheng Fu Gao Ji Shu Chan Ye Guan Li Chuang Xin@dOn the governmental innovation of high-tech industries regulation in China@f李丹著@zeng
210    @a沈阳@c东北大学出版社@d2014.8
215    @a179页@c图@d23cm
225 2  @a东北大学公共管理博士文库@ADong Bei Da Xue Gong Gong Guan Li Bo Shi Wen Ku
300    @a本书是教育部战略研究(培育):东北大学科技政策中心的阶段性研究成果 本书由教育部哲学社会科学研究重大课题攻关项目“中国社会转型中的政府治理模式研究”(08JZD0018)资助
320    @a有书目 (第170-177页)
330    @a本书主要内容包括:绪论;研究的理论基础与相关概念厘定;政府高技术产业管理职能分析;政府高技术产业管理创新的必要性分析;政府高技术产业管理创新的目标与作用领域等。
461  0 @12001 @a东北大学公共管理博士文库
510 1  @aOn the governmental innovation of high-tech industries regulation in China@zeng
606 0  @a高技术产业@AGao Ji Shu Chan Ye@x政府管制@x创新管理@x研究@y中国
606 0  @a政府管制@AZheng Fu Guan Zhi
606 0  @a创新管理@AChuang Xin Guan Li
606 0  @a研究@AYan Jiu
606 0  @a中国@AZhong Guo
690    @aF279.244.4@v5
701  0 @a李丹@ALi Dan@4著
801  0 @aCN@bTANGWEI@c20160804
905    @b0890475-9@dF279.244.4@e1308@f5
    
    中国政府高技术产业管理创新=On the governmental innovation of high-tech industries regulation in China/李丹著.-沈阳:东北大学出版社,2014.8
    179页:图;23cm.-(东北大学公共管理博士文库)
    本书是教育部战略研究(培育):东北大学科技政策中心的阶段性研究成果 本书由教育部哲学社会科学研究重大课题攻关项目“中国社会转型中的政府治理模式研究”(08JZD0018)资助
    
    ISBN 978-7-5517-0752-7:CNY36.00
    本书主要内容包括:绪论;研究的理论基础与相关概念厘定;政府高技术产业管理职能分析;政府高技术产业管理创新的必要性分析;政府高技术产业管理创新的目标与作用领域等。
●
相关链接 在E读中查询图书 在五车中查询图书 在当当中查询图书 在豆瓣中查询图书


正题名:中国政府高技术产业管理创新     索取号:F279.244.4/1308         预约/预借

序号 登录号 条形码 馆藏地/架位号 状态 备注
1 0890475   208904756   第一样本阅览室/ [索取号:F279.244.4/1308] 在馆    
2 0890476   208904765   密集书库-海洋学院/ [索取号:F279.244.4/1308] 在馆    
3 0890477   208904774   第一借阅区/ [索取号:F279.244.4/1308] 在馆    
4 0890478   208904783   第一借阅区/ [索取号:F279.244.4/1308] 在馆    
5 0890479   208904792   第一借阅区/ [索取号:F279.244.4/1308] 在馆    
唐山师范学院图书馆 欢迎您!
大连网信软件有限公司© 版权所有